000 02925cam a22011774i 4500
003 PE-LiUPU
005 20250813185510.0
008 150625s r 000 0 d
020 _a8480556919
035 _a(Sirsi) i9788480556910
040 _aPE-LiUPU
_bspa
_cPE-LiUPU
_erda
049 _aPRUA
082 0 4 _a362.29
_bC13
_221
100 1 _aCaballero Martínez, Fernando,
_eautor.
245 1 4 _aLas drogas :
_beducación y prevención /
_cCaballero Martínez, Fernando.
264 1 _aMadrid :
_bCultural,
_c2004.
300 _a224 páginas :
_bilustraciones, cuadros, dibujos, fotografías a colores ;
_c29 centímetros
336 _atext
_2rdacontent
337 _aunmediated
_2rdamedia
338 _avolume
_2rdacarrier
505 0 _aLas drogas: qué son y su historia. -Cómo educar y prevenir. -Las drogas: dónde y cómo actúan. -La drogadicción y sus etapas. -Factores de riesgo. -Consecuencias del uso de drogas.
526 _aP202
526 _aP201
526 _aP163
526 _aP162
526 _aP161
526 _aP160
526 _aP148
526 _aP147
526 _aP146
526 _aP145
526 _aP144
526 _aP143
526 _aP142
526 _aP141
526 _aP140
526 _aP139
526 _aP138
526 _aP137
526 _aP136
526 _aP135
526 _aP134
526 _aP133
526 _aP129
526 _aP128
526 _aP127
526 _aP120
526 _aP119
526 _aP118
526 _aP116
526 _aP115
526 _aP114
526 _aP110
526 _aP109
526 _aP108
526 _aP104
526 _aP103
526 _aP102
526 _aP99
526 _aP98
526 _aP97
526 _aP96
526 _aP95
526 _aP93
526 _aP90
526 _aP89
526 _aP88
526 _aP83
526 _aP82
526 _aP62
526 _aP59
526 _aP58
526 _aP57
526 _aP51
526 _aP49
526 _aP48
526 _aP47
526 _aP29
526 _aP24
526 _aP20
526 _aP19
526 _aP17
526 _aP15
526 _aP14
526 _aP12
526 _aP10
526 _aP09
526 _aP08
526 _aP07
526 _aP06
526 _aP05
526 _aP04
526 _aP01
541 _g006-0000148941;
650 0 4 _aDrogadicción
_xPrevención.
942 _2ddc
_cBOOK
949 _a362.29 C13
_wDEWEY
_c1
_i55381
_lCCODEBUL1
_mBUL
_p23.00
_r0
_sY
_tBOOK
_u2015-6-25
_xTEOLOGIA
_zUNKNOWN
_0COMPRA
_o.STAFF. Colección General
994 _aC0
_bPEPRU
596 _a1
999 _a362.29 C13
_wDEWEY
_c44285
_i55381
_f2021-11-5
_g6
_lCCODEBUL1
_mBUL
_p23.00
_r0
_sY
_tBOOK
_u2015-6-25
_xBIBLIOTECA
_zUNKNOWN
_0COMPRA
_o.STAFF. Colección General
_d44285
980 _81
_gALBERTO SANCHEZ Responsable de Automatización